Supreme Court Civil Application No./5/1988 the anttorney general vs Madarali Nazarali Mulji Huda and 5 others (Record no. 2895)
[ view plain ]
| 000 -LEADER | |
|---|---|
| fixed length control field | 00562nam a22001217a 4500 |
| 008 - FIXED-LENGTH DATA ELEMENTS--GENERAL INFORMATION | |
| fixed length control field | 110614t xxu||||| |||| 00| 0 eng d |
| 010 ## - LIBRARY OF CONGRESS CONTROL NUMBER | |
| LC control number | SCCAF34 |
| 245 ## - TITLE STATEMENT | |
| Title | Supreme Court Civil Application No./5/1988 the anttorney general vs Madarali Nazarali Mulji Huda and 5 others |
| 260 ## - PUBLICATION, DISTRIBUTION, ETC. (IMPRINT) | |
| Date of publication, distribution, etc | 1988 |
| 500 ## - GENERAL NOTE | |
| General note | CORAM: Lubogo,AG.J.S.C. |
| 500 ## - GENERAL NOTE | |
| General note | Appeal from the ruling /judgment of the High Court of Uganda Mr.Justice C.M. Kato dated 25/25 1988 in Civil Appeal No.46/1987 |
| Withdrawn status | Lost status | Source of classification or shelving scheme | Damaged status | Koha normalized classification for sorting | Not for loan | Location (home branch) | Sublocation or collection (holding branch) | Shelving location | Date acquired | Koha issues (times borrowed) | Koha full call number | Piece designation (barcode) | Koha date last seen | Price effective from | Koha item type |
|---|---|---|---|---|---|---|---|---|---|---|---|---|---|---|---|
| Dewey Decimal Classification | 51988 | Law Development Centre Main Library | Law Development Centre Main Library | Law Reports | 06/14/2011 | 5/1988 | 5/1988/1 | 06/14/2011 | 06/14/2011 | Un Reported Cases |
